|
|
|
|
| LEADER |
01042nam a2200277 a 4500 |
| 001 |
c000057377 |
| 003 |
CARM |
| 005 |
00000000000000.0 |
| 008 |
850617s1985 enkaf b 00110 eng d |
| 019 |
1 |
|
|a 4275178
|z 51972166
|5 LACONCORD2021
|
| 020 |
|
|
|a 0704325438 :
|c L.12.95
|
| 035 |
|
|
|a (OCoLC)15696098
|5 LACONCORD2021
|
| 040 |
|
|
|d VNPL
|
| 050 |
0 |
0 |
|a MT6.R92
|b M9 1985
|
| 100 |
1 |
|
|a Rubinstein, Michael,
|d 1920-
|
| 245 |
1 |
0 |
|a Music to my ear :
|b reflections on music and digressions on metaphysics /
|c Michael Rubinstein.
|
| 260 |
0 |
0 |
|a London ;
|a New York :
|b Quartet Books,
|c 1985.
|
| 300 |
|
|
|a xiv, 194 p., [8] p. of plates :
|b ill. ;
|c 24 cm.
|
| 500 |
|
|
|a Includes index.
|
| 504 |
|
|
|a Bibliography: p. 189-190.
|
| 650 |
|
0 |
|a Music appreciation.
|
| 650 |
|
0 |
|a Music
|x Psychology.
|
| 852 |
8 |
|
|b CARM
|h A2:AB27F0
|i C02589
|p 0091958
|f BK
|
| 082 |
0 |
4 |
|a 781.1
|2 20
|
| 999 |
f |
f |
|i 2e77b3b0-5167-5e63-be0d-b95cb2f6ac54
|s 2ceeb3c6-58bd-542e-8e69-bb5bafac46e9
|
| 952 |
f |
f |
|p Can circulate
|a CAVAL
|b CAVAL
|c CAVAL
|d CARM 1 Store
|e C02589
|f A2:AB27F0
|h Other scheme
|i book
|m 0091958
|